000 00709nam a2200241Ia 4500
003 GCL
005 20240530101842.0
008 140319s9999 xx 000 0 ara d
040 _aGCL /
_cGCL
082 0 4 _a721
_bن ك
100 1 _aنبيل حسن
245 1 0 _aالكمبيوتر والعمارة /
_cنبيل حسن
260 _a[د.م] :
_bدار الراتب الجامعية
300 _a538 ص ؛
_c24 سم
650 0 4 _aالحاسبات الالكترونية
650 0 4 _aالتكنولوجيا
650 0 4 _aالبرامج
650 0 4 _aالعمارة
650 0 4 _aالرسم المعمارى
650 0 4 _aتصميمات
650 0 4 _aالالكترونيات
942 _2ddc
_cBK
999 _c28209
_d28209